| 000 | 00437nam a22001697a 4500 | ||
|---|---|---|---|
| 003 | MPLRDC | ||
| 005 | 20220104123731.0 | ||
| 008 | 210129b ||||| |||| 00| 0 eng d | ||
| 082 | _a544.5 BLOT | ||
| 100 | _aDR.SRULLY BLOTNICK | ||
| 245 |
_a透视女强人: 现代女性成功秘诀 _c |
||
| 260 |
_a _b泉源出版社 _c1986 |
||
| 300 | _b平 | ||
| 490 | _a人生广角镜. 8 | ||
| 650 | _a妇女; 女性 | ||
| 942 |
_cBK _o544.5 BLOT |
||
| 999 |
_c13775 _d13765 |
||